00256cam a22000857a 4500008004000000082001400040245006100054260004600115300000900161180718b1957 xxu||||| |||| 00| 0 eng d aT2531 In8 aI.L.O. productivity missions to underdeveloped countries aGenevabInternational Labour Officec1957 a57+p